Ben Stiller and Owen Wilson Collaborations - Statistics

General Stats
  • This quiz has been taken 31 times
  • The average score is 5 of 14
Answer Stats
Year Movie Stiller Wilson % Correct
2001 Zoolander Director,Writer, Producer, Actor Actor
88%
2006 Night at the Museum Actor Actor(Uncredited)
68%
2016 Zoolander 2 Director,Writer, Producer, Actor Actor
52%
2004 Starsky and Hutch Actor Actor
48%
2000 Meet the Parents Actor Actor
36%
2001 The Royal Tenenbaums Actor Actor,Writer
36%
2008 Tropic Thunder Director,Writer, Producer, Actor Actor(Dropped Out)
36%
2004 Meet the Fockers Actor Actor
32%
2009 Night at the Museum: Battle of the Smithsonian Actor Actor
28%
1996 The Cable Guy Director,Writer, Producer, Actor Actor(Cameo)
28%
2014 Night at the Museum: Secret of the Tomb Actor Actor
24%
2010 Little Fockers Actor Actor
20%
1998 Permanent Midnight Actor Actor
0%
2011 The Big Year Producer Actor
0%
No matching quizzes found
Score Distribution
Percent of People with Each Score
Percentile by Number Answered
Your Score History
You have not taken this quiz